| 000 | 00625cam a2200145 4500500 | ||
|---|---|---|---|
| 005 | 20260111085411.0 | ||
| 041 | _afre | ||
| 042 | _adc | ||
| 100 | 1 | 0 |
_aTilliette, Xavier _eauthor |
| 245 | 0 | 0 | _a Entre la quête de l’Absolu et le principe de réalité , Mélanges en l’honneur de Jean-Marie Paul, par Françoise Daviet-Taylor, Manfred Gangl et Anne-Sophie Petit-Emptaz. L’Harmattan, 2003, 450 pages, 36 € |
| 260 | _c2004. | ||
| 500 | _a45 | ||
| 786 | 0 | _nÉtudes | 400 | 2 | 2004-02-01 | p. XXXV-XXXV | 0014-1941 | |
| 856 | 4 | 1 | _uhttps://shs.cairn.info/revue-etudes-2004-2-page-XXXV?lang=fr&redirect-ssocas=7080 |
| 999 |
_c1618151 _d1618151 |
||